| 000 | 01113cam a2200313 i 4500 | ||
|---|---|---|---|
| 001 | 2205863 | ||
| 003 | ARRUPE | ||
| 005 | 20131220134559.0 | ||
| 008 | 750501s1975 nyuaf b 001 0beng | ||
| 010 | _a 74021311 | ||
| 020 |
_a0394461037 : _c$15.00 |
||
| 040 |
_aDLC _cDLC _dDLC |
||
| 050 | 0 | 0 |
_aHX84.R4 _bR67 1975 |
| 082 | 0 | 0 |
_a070/.092/4 _aB |
| 100 | 1 |
_aRosenstone, Robert A. _96260 |
|
| 245 | 1 | 0 |
_aRomantic revolutionary : _ba biography of John Reed / _cRobert A. Rosenstone. |
| 250 | _a1st ed. | ||
| 260 |
_aNew York : _bKnopf : distributed by Random House, _c1975. |
||
| 300 |
_axiv, 430, xiii p., [4] leaves of plates : _bill. ; _c25 cm. |
||
| 500 | _aIncludes index. | ||
| 504 | _aBibliography: p. [411]-430. | ||
| 600 | 1 | 0 |
_aReed, John, _d1887-1920. _96261 |
| 650 | 0 |
_aBohemianism _zUnited States _xHistory _y20th century. _96262 |
|
| 650 | 0 |
_aRevolutionaries _zUnited States _xBiography. _96263 |
|
| 650 | 0 |
_aJournalists _zUnited States _xBiography. _96264 |
|
| 650 | 0 |
_aCommunists _zUnited States _xBiography. _96265 |
|
| 906 |
_a7 _bcbc _corignew _d1 _eocip _f19 _gy-gencatlg |
||
| 942 |
_2lcc _cMONOGRAPH |
||
| 999 |
_c119437 _d119437 |
||